MARC details
| 000 -CABECERA |
| campo de control de longitud fija |
01106nam a2200337 a 4500 |
| 001 - NÚMERO DE CONTROL |
| campo de control |
000003655 |
| 003 - IDENTIFICADOR DEL NÚMERO DE CONTROL |
| campo de control |
DO-SdBNP |
| 005 - FECHA Y HORA DE LA ÚLTIMA TRANSACCIÓN |
| campo de control |
20220215125303.0 |
| 007 - CAMPO FIJO DE DESCRIPCIÓN FÍSICA--INFORMACIÓN GENERAL |
| campo de control de longitud fija |
ta |
| 008 - DATOS DE LONGITUD FIJA--INFORMACIÓN GENERAL |
| campo de control de longitud fija |
090711s1994 spaa er 000 0 spa d |
| 020 ## - NÚMERO INTERNACIONAL ESTÁNDAR DEL LIBRO |
| Número Internacional Estándar del Libro |
8477748705 |
| 040 ## - FUENTE DE LA CATALOGACIÓN |
| Centro catalogador/agencia de origen |
DO-SdBNP |
| Lengua de catalogación |
spa |
| Centro/agencia transcriptor |
BNPHU |
| 082 #4 - NÚMERO DE LA CLASIFICACIÓN DECIMAL DEWEY |
| Número de edición |
22 |
| Número de clasificación |
414 |
| Número de documento/Ítem |
N462p |
| 100 1# - ENTRADA PRINCIPAL--NOMBRE DE PERSONA |
| Nombre de persona |
Nespor, Marina |
| 9 (RLIN) |
11205 |
| 240 ## - TÍTULO UNIFORME |
| Título uniforme |
Prosadic Phonology |
| 245 13 - MENCIÓN DE TÍTULO |
| Título |
La prosodia / |
| Mención de responsabilidad, etc. |
Marina Nespor, Irene Vogel ; traducción, Ana Ardid Gumiel. |
| 260 ## - PUBLICACIÓN, DISTRIBUCIÓN, ETC. |
| Lugar de publicación, distribución, etc. |
Madrid, España : |
| Nombre del editor, distribuidor, etc. |
Visor Fotocomposición, |
| Fecha de publicación, distribución, etc. |
1994 |
| 300 ## - DESCRIPCIÓN FÍSICA |
| Extensión |
375 p. : |
| Otras características físicas |
il. ; |
| Dimensiones |
24 cm. |
| 490 ## - MENCIÓN DE SERIE |
| Mención de serie |
Lingüística y Conocimiento; |
| Designación de volumen o secuencia |
20 |
| 500 ## - NOTA GENERAL |
| Nota general |
Incluye índices. |
| 500 ## - NOTA GENERAL |
| Nota general |
Incluye lista de abreviaturas y símbolos: p. 369- 370. |
| 504 ## - NOTA DE BIBLIOGRAFÍA, ETC. |
| Nota de bibliografía, etc. |
Bibliografía: p. 347- 355 |
| 590 ## - NOTA LOCAL (RLIN) |
| Nota local |
Inventariado 2022 / MF |
| 650 #4 - PUNTO DE ACCESO ADICIONAL DE MATERIA--TÉRMINO DE MATERIA |
| Término de materia o nombre geográfico como elemento de entrada |
Fonología |
| Subdivisión general |
Gramática comparada y general |
| 9 (RLIN) |
11207 |
| 650 #4 - PUNTO DE ACCESO ADICIONAL DE MATERIA--TÉRMINO DE MATERIA |
| Término de materia o nombre geográfico como elemento de entrada |
Análisis lingüístico |
| 9 (RLIN) |
11208 |
| 700 1# - PUNTO DE ACCESO ADICIONAL--NOMBRE DE PERSONA |
| Nombre de persona |
Vogel, Irene, |
| Fechas asociadas al nombre |
1951- |
| 9 (RLIN) |
11209 |
| 700 1# - PUNTO DE ACCESO ADICIONAL--NOMBRE DE PERSONA |
| Nombre de persona |
Ardid Gumiel, Ana |
| Término indicativo de función/relación |
trad. |
| 9 (RLIN) |
11210 |
| 830 ## - PUNTO DE ACCESO ADICIONAL DE SERIE-TÍTULO UNIFORME |
| Título uniforme |
Lingüística y Conocimiento; |
| Número de parte o sección de la obra |
20 |
| 9 (RLIN) |
81236 |
| 910 ## - DATOS DE OPCIÓN DEL USUARIO (OCLC) |
| Datos de opción del usuario |
MFeliz |
| 942 ## - ELEMENTOS DE PUNTO DE ACCESO ADICIONAL (KOHA) |
| Fuente del sistema de clasificación o colocación |
Dewey Decimal Classification |
| Tipo de ítem Koha |
Libro |